TOP 5 Największych Miast Australii - Statystyki

Ogólne statystyki
  • Ten quiz został rozwiązany 113 razy
  • Średni wynik to 4 z 5
Statystyki odpowiedzi
Miejsce Położenie Ludność Miasto % Poprawnych
1. Wschodnio -Południowe 5 mln Sydney
99%
2. Wschodnio - Południowe 5 mln Melbourne
91%
4. Zachodnio -Południowe 2 mln Perth
79%
3. Wschodnie 2 mln Brisbane
55%
5. Północne 1 mln Adelaide
46%
Nie znaleziono quizów pasujących do podanych kryteriów
Rozkład punktacji
Procent ludzi z każdym wynikiem
Percentyl według liczby udzielonych odpowiedzi
Twoja historia wyników
Nie rozwiązałeś tego quizu